<?xml version="1.0" encoding="UTF-8"?>
<record
    xmlns:xsi="http://www.w3.org/2001/XMLSchema-instance"
    xsi:schemaLocation="http://www.loc.gov/MARC21/slim http://www.loc.gov/standards/marcxml/schema/MARC21slim.xsd"
    xmlns="http://www.loc.gov/MARC21/slim">

  <leader>01074    a2200205   4500</leader>
  <controlfield tag="005">20080916110438.0</controlfield>
  <controlfield tag="008">080916t        xxu||||| |||| 00| 0 hin d</controlfield>
  <datafield tag="010" ind1=" " ind2=" ">
    <subfield code="a">HIN-80879</subfield>
  </datafield>
  <datafield tag="020" ind1=" " ind2=" ">
    <subfield code="c">500.00</subfield>
    <subfield code="a">8185599750</subfield>
  </datafield>
  <datafield tag="035" ind1=" " ind2=" ">
    <subfield code="a">HN-53225</subfield>
  </datafield>
  <datafield tag="037" ind1=" " ind2=" ">
    <subfield code="b">D.B.Act / pub</subfield>
  </datafield>
  <datafield tag="082" ind1=" " ind2=" ">
    <subfield code="a">170</subfield>
  </datafield>
  <datafield tag="100" ind1=" " ind2=" ">
    <subfield code="a">&#x917;&#x941;&#x92A;&#x94D;&#x924;&#x93E;, &#x930;&#x947;&#x923;&#x941;</subfield>
  </datafield>
  <datafield tag="245" ind1=" " ind2=" ">
    <subfield code="a">&#x938;&#x94D;&#x92E;&#x943;&#x924;&#x93F;&#x92F;&#x94B;&#x902; &#x92E;&#x947;&#x902; &#x906;&#x91A;&#x93E;&#x930;&#x903;&#x906;&#x927;&#x941;&#x928;&#x93F;&#x915; &#x92D;&#x93E;&#x930;&#x924; &#x915;&#x947; &#x938;&#x902;&#x926;&#x930;&#x94D;&#x92D; &#x92E;&#x947;&#x902;</subfield>
    <subfield code="c">&#x930;&#x947;&#x923;&#x941; &#x917;&#x941;&#x92A;&#x94D;&#x924;&#x93E;</subfield>
  </datafield>
  <datafield tag="260" ind1=" " ind2=" ">
    <subfield code="a">&#x91C;&#x92E;&#x94D;&#x92E;&#x942;</subfield>
    <subfield code="b">&#x92F;&#x93E;&#x915; &#x92A;&#x92C;&#x94D;&#x932;&#x93F;&#x936;&#x93F;&#x902;&#x917; &#x91A;&#x948;&#x928;&#x932;</subfield>
    <subfield code="c">2007</subfield>
  </datafield>
  <datafield tag="300" ind1=" " ind2=" ">
    <subfield code="a">219&#x92A;&#x943;</subfield>
    <subfield code="c">22 &#x938;&#x947;&#x92E;&#x940; (&#x938;&#x91C;&#x93F;&#x932;&#x94D;&#x926;)</subfield>
  </datafield>
  <datafield tag="270" ind1=" " ind2=" ">
    <subfield code="a">&#x92A;&#x94B;&#x938;&#x947;&#x91F; &#x92C;&#x93E;&#x915;&#x94D;&#x938; &#x928;&#x902;. 130, &#x92A;&#x915;&#x94D;&#x915;&#x93E; &#x921;&#x902;&#x917;&#x93E;, &#x92C;&#x921;&#x93C;&#x93E; &#x92C;&#x947;&#x939;&#x921;&#x93C;&#x93E;</subfield>
    <subfield code="b">&#x91C;&#x92E;&#x94D;&#x92E;&#x942;</subfield>
    <subfield code="e">180001</subfield>
  </datafield>
  <datafield tag="942" ind1=" " ind2=" ">
    <subfield code="a">dpl</subfield>
    <subfield code="c">HN</subfield>
    <subfield code="k">170 / &#x917;&#x941;&#x92A;&#x94D;&#x924;&#x93E;&#x930;&#x947;</subfield>
    <subfield code="2">ddc</subfield>
    <subfield code="h">170</subfield>
    <subfield code="m">&#x917;&#x941;&#x92A;&#x94D;&#x924;&#x93E;&#x930;&#x947;</subfield>
  </datafield>
  <datafield tag="999" ind1=" " ind2=" ">
    <subfield code="c">7219</subfield>
    <subfield code="d">7219</subfield>
  </datafield>
  <datafield tag="952" ind1=" " ind2=" ">
    <subfield code="0">0</subfield>
    <subfield code="1">0</subfield>
    <subfield code="2">ddc</subfield>
    <subfield code="4">0</subfield>
    <subfield code="7">0</subfield>
    <subfield code="a">DBAD</subfield>
    <subfield code="b">DBAD</subfield>
    <subfield code="d">2008-09-16</subfield>
    <subfield code="g">500.00</subfield>
    <subfield code="l">0</subfield>
    <subfield code="o">170 &#x917;&#x941;&#x92A;&#x94D;&#x924;&#x93E;&#x930;&#x947;</subfield>
    <subfield code="p">HN-53225</subfield>
    <subfield code="r">2008-09-15 00:00:00</subfield>
    <subfield code="t">1</subfield>
    <subfield code="u">8076</subfield>
    <subfield code="v">500.00</subfield>
    <subfield code="w">2008-09-15</subfield>
    <subfield code="y">HN</subfield>
  </datafield>
</record>
